Die doppelten, dreifachen, vierfachen Nachbarländer von Russland - Statistiken

Allgemein
  • Dieses Quiz wurde 51 mal gespielt
    49 seit der letzten Aktualisierung
  • Das Durchschnittsergebnis liegt bei 64 aus 70
Antworten auf der Karte
Die Antworten werden auf der Karte rot bzw. grün angezeigt, abhängig davon wie oft sie richtig erraten wurden.
 
Antwortstatistiken
Tipp Antwort % Korrekt
Nachbarland¹ China
100%
Nachbarland¹ Mongolei
100%
Nachbarland¹ Aserbaidschan
98%
Nachbarland³ Bulgarien
98%
Nachbarland² Deutschland
98%
Nachbarland¹ Georgien
98%
Nachbarland² Iran
98%
Nachbarland¹ Kasachstan
98%
Nachbarland² Pakistan
98%
Nachbarland² Rumänien
98%
Nachbarland² Slowakei
98%
Nachbarland² Tschechien
98%
Nachbarland¹ Ukraine
98%
Nachbarland² Usbekistan
98%
Nachbarland² Afghanistan
95%
Nachbarland¹ Estland
95%
Nachbarland² Indien
95%
Nachbarland¹ Lettland
95%
Nachbarland¹ Litauen
95%
Nachbarland² Moldawien
95%
Nachbarland² Nepal
95%
Nachbarland¹ Nordkorea
95%
Nachbarland¹ Norwegen
95%
Nachbarland³ Österreich
95%
Nachbarland¹ Polen
95%
Nachbarland⁴ Saudi Arabien
95%
Nachbarland² Türkei
95%
Nachbarland² Ungarn
95%
Nachbarland¹ Weißrussland
95%
Nachbarland² Armenien
93%
Nachbarland¹ Finnland
93%
Nachbarland³ Frankreich
93%
Nachbarland³ Griechenland
93%
Nachbarland³ Irak
93%
Nachbarland⁴ Italien
93%
Nachbarland² Myanmar
93%
Nachbarland³ Schweiz
93%
Nachbarland³ Serbien
93%
Nachbarland² Südkorea
93%
Nachbarland³ Syrien
93%
Nachbarland² Turkmenistan
93%
Nachbarland² Vietnam
93%
Nachbarland⁴ Albanien
91%
Nachbarland³ Belgien
91%
Nachbarland⁴ Bosnien und Herzegowina
91%
Nachbarland² Kirgisistan
91%
Nachbarland² Laos
91%
Nachbarland³ Niederlande
91%
Nachbarland² Schweden
91%
Nachbarland³ Slowenien
91%
Nachbarland³ Thailand
91%
Nachbarland³ Bangladesch
89%
Nachbarland³ Dänemark
89%
Nachbarland⁴ Jordanien
89%
Nachbarland⁴ Kosovo
89%
Nachbarland³ Kroatien
89%
Nachbarland⁴ Libanon
89%
Nachbarland² Tadschikistan
89%
Nachbarland⁴ Liechtenstein
86%
Nachbarland³ Luxemburg
86%
Nachbarland⁴ Nordmazedonien
86%
Nachbarland² Bhutan
84%
Nachbarland⁴ Israel
84%
Nachbarland³ Kambodscha
84%
Nachbarland⁴ Kuwait
84%
Nachbarland⁴ Montenegro
84%
Nachbarland⁴ Spanien
80%
Nachbarland⁴ Malaysia
77%
Nachbarland⁴ Andorra
64%
Nachbarland⁴ Monaco
61%
Keine übereinstimmenden Quizze gefunden
Verteilung der Resultate
Anzahl Personen mit jedem Resultat
Perzentil nach korrekt beantworteten Fragen
Ihre Resultats-Entwicklung
Sie haben dieses Quiz seit der letzten Aktualisierung nicht gespielt